[Event "Sao Bento do Sul op"]
[Site "Sao Bento do Sul"]
[Date "2019.08.24"]
[Round "4"]
[White "Zanghelini, Cristian Silnei"]
[Black "Barbosa, Jefferson Lucas Mun"]
[Result "0-1"]
[WhiteElo "1796"]
[BlackElo "2017"]
[PlyCount "54"]
[EventDate "2019.08.23"]
[EventType "swiss"]
[EventRounds "7"]
[EventCountry "BRA"]
[SourceTitle "EXT 2020"]
[Source "ChessBase"]
[SourceDate "2019.10.17"]
[SourceVersion "1"]
[SourceVersionDate "2019.10.17"]
[SourceQuality "1"]

1. e4 c5 2. Nf3 d6 3. d4 cxd4 4. Nxd4 Nf6 5. Nc3 a6 6. h3 e5 7. Nde2 Be7 8. g4 Be6 9. g5 Nfd7 10. h4 Nc6 11. Be3 Rc8 12. Qd2 0-0 13. h5 f5 14. exf5 Bxf5 15. Bh3 Qa5 16. Bxf5 Rxf5 17. Ng3 Rf3 18. Nge4 Qb4 19. g6 Nd4 20. gxh7+ Kh8 21. h6 g6 22. Rb1 Rxe3+ 23. Kd1 Rf3 24. a3 Qc4 25. b3 Qc6 26. Ng3 Bg5 27. Qxg5 Qxc3 0-1

[Event "Parana-ch"]
[Site "Curitiba"]
[Date "2018.11.25"]
[Round "7"]
[White "Almeida Junior, Alvaro Alves de"]
[Black "Barbosa, Jefferson Lucas Mun"]
[Result "1-0"]
[WhiteElo "2022"]
[BlackElo "2016"]
[PlyCount "67"]
[EventDate "2018.11.22"]
[EventType "swiss"]
[EventRounds "7"]
[EventCountry "BRA"]
[SourceTitle "CBM 187 Extra"]
[Source "ChessBase"]
[SourceDate "2018.11.04"]
[SourceVersion "1"]
[SourceVersionDate "2018.11.04"]
[SourceQuality "1"]

1. d4 d5 2. c4 e6 3. Nc3 Nf6 4. f3 Bb4 5. e3 0-0 6. a3 Bxc3+ 7. bxc3 c5 8. cxd5 exd5 9. Bd3 Nc6 10. Ne2 b6 11. 0-0 Re8 12. Ng3 Na5 13. Ra2 Bb7 14. Re2 Qc7 15. e4 cxd4 16. cxd4 Nd7 17. e5 f6 18. f4 Nc4 19. Rc2 Nf8 20. Nf5 Qd7 21. Rf3 Kh8 22. Rh3 g6 23. Bxc4 Qxf5 24. Bd3 Qd7 25. f5 fxe5 26. dxe5 Rxe5 27. Bf4 Rae8 28. Bxe5+ Rxe5 29. fxg6 Rg5 30. Qf3 Qg7 31. Rc7 Qd4+ 32. Qf2 Qa1+ 33. Qf1 Qxf1+ 34. Kxf1 1-0

[Event "Parana-chT 61st"]
[Site "Londrina"]
[Date "2018.09.25"]
[Round "3.1"]
[White "Mendonca Campelo, Higor Carlos"]
[Black "Barbosa, Jefferson Lucas Mun"]
[Result "1-0"]
[WhiteElo "2138"]
[BlackElo "2016"]
[PlyCount "55"]
[EventDate "2018.09.24"]
[EventType "team-tourn"]
[EventRounds "5"]
[EventCountry "BRA"]
[SourceTitle "CBM 187 Extra"]
[Source "ChessBase"]
[SourceDate "2018.11.04"]
[SourceVersion "1"]
[SourceVersionDate "2018.11.04"]
[SourceQuality "1"]
[WhiteTeam "Foz do Iguacu"]
[BlackTeam "Francisco Beltrao"]
[WhiteTeamCountry "BRA"]
[BlackTeamCountry "BRA"]

1. e4 c5 2. Nf3 d6 3. d4 cxd4 4. Nxd4 Nf6 5. Nc3 a6 6. Bg5 e6 7. f4 Qb6 8. Nb3 Nbd7 9. Qf3 Qc7 10. 0-0-0 b5 11. Bd3 Bb7 12. Rhe1 Be7 13. a3 Rc8 14. Qg3 h6 15. Bxf6 Bxf6 16. e5 dxe5 17. f5 Bd5 18. Nd4 Nb6 19. Nf3 Qe7 20. Nxd5 exd5 21. Nxe5 0-0 22. Ng4 Bg5+ 23. Kb1 Qd8 24. f6 Rc6 25. fxg7 Kxg7 26. Ne5 Rg6 27. Nxg6 fxg6 28. h4 1-0

[Event "Curitiba op"]
[Site "Curitiba"]
[Date "2018.02.23"]
[Round "2"]
[White "Barbosa, Jefferson Lucas Mun"]
[Black "Laperuta, Renan Portes"]
[Result "1-0"]
[WhiteElo "2017"]
[BlackElo "1425"]
[PlyCount "71"]
[EventDate "2018.02.23"]
[EventType "swiss"]
[EventRounds "6"]
[EventCountry "BRA"]
[SourceTitle "CBM 183 Extra"]
[Source "ChessBase"]
[SourceDate "2018.04.19"]
[SourceVersion "1"]
[SourceVersionDate "2018.04.19"]
[SourceQuality "1"]

1. e4 e5 2. Nf3 Nc6 3. Bb5 a6 4. Bxc6 dxc6 5. 0-0 Bd6 6. d4 exd4 7. Qxd4 f6 8. Be3 Ne7 9. c4 b6 10. Rd1 Be6 11. Nc3 0-0 12. Qd3 Ng6 13. Nd4 Bd7 14. f3 Ne5 15. Qe2 Qe7 16. h3 Qf7 17. b3 Ng6 18. Qf2 Bf4 19. Bxf4 Nxf4 20. Qg3 Ne6 21. Nf5 Kh8 22. Rd2 Rac8 23. Rad1 Rfd8 24. Ne2 Be8 25. Ned4 Nxd4 26. Rxd4 Rxd4 27. Rxd4 Bd7 28. Qxg7+ Qxg7 29. Nxg7 Bxh3 30. gxh3 Kxg7 31. Rd7+ Kg6 32. Kg2 c5 33. Kg3 c6 34. Kf4 b5 35. Rd6 Kf7 36. Kf5 1-0

[Event "Curitiba op"]
[Site "Curitiba"]
[Date "2018.02.23"]
[Round "1"]
[White "Kassmayer, Josef"]
[Black "Barbosa, Jefferson Lucas Mun"]
[Result "0-1"]
[WhiteElo "1544"]
[BlackElo "2017"]
[PlyCount "46"]
[EventDate "2018.02.23"]
[EventType "swiss"]
[EventRounds "6"]
[EventCountry "BRA"]
[SourceTitle "EXT 2019"]
[Source "ChessBase"]
[SourceDate "2018.10.10"]
[SourceVersion "1"]
[SourceVersionDate "2018.10.10"]
[SourceQuality "1"]

1. c4 Nf6 2. Nc3 e6 3. e3 d5 4. cxd5 exd5 5. d4 Bd6 6. Nf3 0-0 7. Be2 Re8 8. 0-0 c6 9. a3 Bg4 10. h3 Bh5 11. b4 a5 12. b5 Nbd7 13. bxc6 bxc6 14. Bd2 Qe7 15. Qa4 Ne4 16. Qd1 Bxa3 17. Nxe4 dxe4 18. Ne5 Bxe2 19. Qxe2 Nxe5 20. dxe5 Bb4 21. Bxb4 Qxb4 22. Rfb1 Qc5 23. Ra4 Qxe5 0-1

[Event "Sao Bento do Sul op 06"]
[Site "Sao Bento do Sul"]
[Date "2017.06.10"]
[Round "3"]
[White "Campagnolo, Fabiola"]
[Black "Barbosa, Jefferson Lucas Mun"]
[Result "0-1"]
[WhiteElo "1680"]
[BlackElo "2049"]
[PlyCount "64"]
[EventDate "2017.06.09"]
[EventType "swiss"]
[EventRounds "6"]
[EventCountry "BRA"]
[SourceTitle "EXT 2019"]
[Source "ChessBase"]
[SourceDate "2018.10.10"]
[SourceVersion "1"]
[SourceVersionDate "2018.10.10"]
[SourceQuality "1"]

1. e4 c5 2. Nf3 d6 3. d4 cxd4 4. Nxd4 Nf6 5. Nc3 a6 6. Bg5 e6 7. f4 Qb6 8. Nb3 Nbd7 9. Qf3 Qc7 10. Bd3 Be7 11. g4 b5 12. a3 Bb7 13. f5 Ne5 14. Qh3 Nfxg4 15. Bxe7 Qxe7 16. Be2 exf5 17. Rg1 h5 18. Nd4 fxe4 19. Bxg4 Nxg4 20. Rxg4 Bc8 21. Qe3 Bxg4 22. Kd2 0-0 23. h3 Bd7 24. Rg1 Qe5 25. Nce2 Qf6 26. Rg5 Qh6 27. Ke1 h4 28. Qg1 Rac8 29. Nf4 Rc5 30. Nd5 Rxd5 31. Rxd5 Qc1+ 32. Kf2 Qd2+ 0-1

[Event "Sao Bento do Sul op 06"]
[Site "Sao Bento do Sul"]
[Date "2017.06.10"]
[Round "5"]
[White "De Oliveira, Gustavo Alfredo Bue"]
[Black "Barbosa, Jefferson Lucas Mun"]
[Result "1-0"]
[WhiteElo "1868"]
[BlackElo "2049"]
[PlyCount "104"]
[EventDate "2017.06.09"]
[EventType "swiss"]
[EventRounds "6"]
[EventCountry "BRA"]
[SourceTitle "EXT 2019"]
[Source "ChessBase"]
[SourceDate "2018.10.10"]
[SourceVersion "1"]
[SourceVersionDate "2018.10.10"]
[SourceQuality "1"]

1. d4 Nf6 2. Nf3 e6 3. c4 c5 4. e3 cxd4 5. Nxd4 Nc6 6. Be2 Bb4+ 7. Bd2 Bxd2+ 8. Qxd2 Ne4 9. Nxc6 bxc6 10. Qc2 Qa5+ 11. Nd2 f5 12. Bf3 Rb8 13. Bxe4 fxe4 14. 0-0 d5 15. Rfd1 0-0 16. a3 Qc5 17. b4 Qe7 18. Nb3 Ba6 19. cxd5 cxd5 20. Nc5 Bc4 21. Nxe4 a5 22. Rdb1 axb4 23. axb4 Rf7 24. Nc5 Rbf8 25. f3 e5 26. e4 Qg5 27. Kh1 Rb8 28. Qc3 h5 29. Re1 h4 30. h3 Rb6 31. Rab1 Rg6 32. Rb2 Qg3 33. exd5 Bxd5 34. Qxe5 Qxe5 35. Rxe5 Bxf3 36. b5 Bb7 37. Re8+ Kh7 38. Nxb7 Rxb7 39. Re4 Rh6 40. Rbb4 g5 41. Re5 Rg6 42. Kg1 Kh6 43. Kf2 Rf6+ 44. Ke3 Rbb6 45. Rg4 Rg6 46. Kd4 Rbd6+ 47. Kc5 Rb6 48. Rd5 Rb7 49. Rgd4 Kh5 50. Rd7 Rxd7 51. Rxd7 g4 52. Rd5+ Rg5 1-0

[Event "Florianopolis op 3rd"]
[Site "Florianopolis"]
[Date "2017.01.25"]
[Round "9"]
[White "Hernandez Saldivia, Rody"]
[Black "Barbosa, Jefferson Lucas Mun"]
[Result "0-1"]
[WhiteElo "1919"]
[BlackElo "2067"]
[PlyCount "46"]
[EventDate "2017.01.20"]
[EventType "swiss"]
[EventRounds "10"]
[EventCountry "BRA"]
[SourceTitle "CBM 176 Extra"]
[Source "ChessBase"]
[SourceDate "2017.03.02"]
[SourceVersion "1"]
[SourceVersionDate "2017.03.02"]
[SourceQuality "1"]

1. e4 c5 2. Nf3 d6 3. d4 cxd4 4. Nxd4 Nf6 5. Nc3 a6 6. Bg5 e6 7. f4 Qb6 8. Qd3 Qxb2 9. Rb1 Qa3 10. f5 Nc6 11. fxe6 fxe6 12. Be2 Be7 13. 0-0 Nxd4 14. Qxd4 Qc5 15. Be3 Qxd4 16. Bxd4 b5 17. Bf3 e5 18. Be3 Be6 19. a4 Rc8 20. Nd5 Nxd5 21. exd5 Bd7 22. Be4 Rc4 23. a5 Rxe4 0-1

[Event "Florianopolis op 3rd"]
[Site "Florianopolis"]
[Date "2017.01.24"]
[Round "7"]
[White "Kanzler, Karina Daniela"]
[Black "Barbosa, Jefferson Lucas Mun"]
[Result "1-0"]
[WhiteElo "1850"]
[BlackElo "2067"]
[PlyCount "53"]
[EventDate "2017.01.20"]
[EventType "swiss"]
[EventRounds "10"]
[EventCountry "BRA"]
[SourceTitle "CBM 176 Extra"]
[Source "ChessBase"]
[SourceDate "2017.03.02"]
[SourceVersion "1"]
[SourceVersionDate "2017.03.02"]
[SourceQuality "1"]

1. b3 Nf6 2. Bb2 g6 3. e4 Bg7 4. e5 Nd5 5. c4 Nb6 6. d4 d6 7. f4 dxe5 8. fxe5 Nc6 9. Nf3 Bf5 10. a3 Qd7 11. d5 Rd8 12. Be2 Nb8 13. Nbd2 0-0 14. Nh4 c6 15. g4 cxd5 16. gxf5 d4 17. Bg4 Qc7 18. Qe2 Bxe5 19. Ndf3 Bf6 20. fxg6 hxg6 21. Qe4 Qd6 22. Nxg6 fxg6 23. Qxg6+ Kh8 24. Bf5 Bh4+ 25. Nxh4 Qe5+ 26. Kd1 Qg7 27. Qh5+ 1-0

[Event "Florianopolis op 3rd"]
[Site "Florianopolis"]
[Date "2017.01.23"]
[Round "6"]
[White "Barbosa, Jefferson Lucas Mun"]
[Black "Bueno, Alfeu Varela Jr"]
[Result "0-1"]
[WhiteElo "2067"]
[BlackElo "2205"]
[PlyCount "56"]
[EventDate "2017.01.20"]
[EventType "swiss"]
[EventRounds "10"]
[EventCountry "BRA"]
[SourceTitle "CBM 176 Extra"]
[Source "ChessBase"]
[SourceDate "2017.03.02"]
[SourceVersion "1"]
[SourceVersionDate "2017.03.02"]
[SourceQuality "1"]

1. e4 e6 2. d4 d5 3. Nc3 Nf6 4. Bg5 Be7 5. e5 Nfd7 6. h4 0-0 7. Nf3 c5 8. Bd3 cxd4 9. Nb5 Nc6 10. Qe2 Nc5 11. Nbxd4 Nxd3+ 12. cxd3 Nxd4 13. Nxd4 Bxg5 14. hxg5 Qxg5 15. 0-0 Qf4 16. Nf3 Bd7 17. Rfc1 Rac8 18. Qe3 Qxe3 19. fxe3 Bb5 20. d4 Bd3 21. Kf2 Rc4 22. Rxc4 dxc4 23. Rc1 b5 24. Ke1 Be4 25. b3 Rc8 26. bxc4 Rxc4 27. Rxc4 bxc4 28. Nd2 Bxg2 0-1

[Event "Florianopolis Ribeiro Neto Memorial"]
[Site "Florianopolis"]
[Date "2016.10.02"]
[Round "5.1"]
[White "Barbosa, Jefferson Lucas Mun"]
[Black "Goncalves, Davi Sulzbacher"]
[Result "0-1"]
[WhiteElo "2089"]
[BlackElo "2201"]
[PlyCount "76"]
[EventDate "2016.09.30"]
[EventType "swiss"]
[EventRounds "6"]
[EventCountry "BRA"]
[SourceTitle "EXT 2022"]
[Source "ChessBase"]
[SourceDate "2021.10.06"]
[SourceVersion "1"]
[SourceVersionDate "2021.10.06"]
[SourceQuality "1"]

1. e4 c5 2. Nf3 Nc6 3. d4 cxd4 4. Nxd4 Nf6 5. Nc3 e5 6. Ndb5 d6 7. Bg5 a6 8. Na3 b5 9. Bxf6 gxf6 10. Nd5 f5 11. Bd3 Be6 12. 0-0 Bxd5 13. exd5 Ne7 14. Re1 Bg7 15. c3 0-0 16. Qh5 e4 17. Bf1 b4 18. cxb4 Bxb2 19. Rab1 Bg7 20. Nc4 Re8 21. Rb3 Nxd5 22. Rd1 Nf6 23. Qxf5 d5 24. Rg3 Kh8 25. Qg5 Rg8 26. Ne5 Qe7 27. Rxd5 h6 28. Qf5 Rge8 29. Rc5 Qe6 30. Bc4 Rad8 31. h4 Rd1+ 32. Kh2 Qxf5 33. Nxf7+ Kh7 34. Rxf5 e3 35. fxe3 Rxe3 36. Rff3 Ree1 37. Bd3+ Ne4 38. Kh3 Rxd3 0-1

[Event "Florianopolis Ribeiro Neto Memorial"]
[Site "Florianopolis"]
[Date "2016.10.01"]
[Round "3.1"]
[White "Barbosa, Jefferson Lucas Mun"]
[Black "Mafra, Kaiser Luiz"]
[Result "1/2-1/2"]
[WhiteElo "2089"]
[BlackElo "2124"]
[PlyCount "52"]
[EventDate "2016.09.30"]
[EventType "swiss"]
[EventRounds "6"]
[EventCountry "BRA"]
[SourceTitle "EXT 2022"]
[Source "ChessBase"]
[SourceDate "2021.10.06"]
[SourceVersion "1"]
[SourceVersionDate "2021.10.06"]
[SourceQuality "1"]

1. e4 e6 2. d4 d5 3. Nc3 dxe4 4. Nxe4 Nd7 5. Nf3 Ngf6 6. Bg5 h6 7. Nxf6+ Nxf6 8. Bxf6 Qxf6 9. Bb5+ c6 10. Bd3 g6 11. Qe2 Bg7 12. 0-0 0-0 13. Qe4 Bd7 14. Rad1 Rfd8 15. c3 Be8 16. Rd2 Rac8 17. Rfd1 b6 18. Bc4 Rd6 19. Ne5 Rcd8 20. Bb3 c5 21. Nc4 Bc6 22. Qe1 R6d7 23. Ne5 Rc7 24. Nxc6 Rxc6 25. dxc5 Rxd2 26. Qxd2 Rxc5 1/2-1/2

[Event "Florianopolis Ribeiro Neto Memorial"]
[Site "Florianopolis"]
[Date "2016.09.30"]
[Round "1.2"]
[White "Barbosa, Jefferson Lucas Mun"]
[Black "Balbys, Fernanda Santoro Bo"]
[Result "1-0"]
[WhiteElo "2089"]
[BlackElo "1610"]
[PlyCount "77"]
[EventDate "2016.09.30"]
[EventType "swiss"]
[EventRounds "6"]
[EventCountry "BRA"]
[SourceTitle "EXT 2022"]
[Source "ChessBase"]
[SourceDate "2021.10.06"]
[SourceVersion "1"]
[SourceVersionDate "2021.10.06"]
[SourceQuality "1"]

1. e4 e6 2. d4 d5 3. Nc3 dxe4 4. Nxe4 Nd7 5. Nf3 Ngf6 6. Bg5 h6 7. Nxf6+ Nxf6 8. Bxf6 Qxf6 9. Bb5+ c6 10. Bd3 Bd6 11. Qe2 0-0 12. 0-0-0 c5 13. dxc5 Bxc5 14. Rd2 b6 15. Qe4 g6 16. Qxa8 Ba3 17. c3 Qxc3+ 18. Kb1 Bxb2 19. Qe4 Ba3 20. Rc2 Qa5 21. Ne5 Bb7 22. Nc6 Qg5 23. f4 Qf6 24. Qe5 Qh4 25. g3 Qg4 26. Be4 Bxc6 27. Bxc6 Rd8 28. Qe2 Qf5 29. Be4 Qa5 30. Qc4 b5 31. Qc3 Qa4 32. Qf6 Qb4+ 33. Ka1 Rf8 34. Bd3 Qd6 35. Rd1 Bc5 36. Be2 Qb6 37. Qc3 Rc8 38. Kb1 Rc7 39. Rd8+ 1-0

[Event "Blumenau Ann 100 op"]
[Site "Blumenau"]
[Date "2016.09.25"]
[Round "6"]
[White "Medeiros, Thauane Ferreira"]
[Black "Barbosa, Jefferson Lucas Mun"]
[Result "1-0"]
[WhiteElo "2030"]
[BlackElo "2089"]
[PlyCount "59"]
[EventDate "2016.09.23"]
[EventType "swiss"]
[EventRounds "6"]
[EventCountry "BRA"]
[SourceTitle "CBM 174 Extra"]
[Source "ChessBase"]
[SourceDate "2016.10.10"]
[SourceVersion "1"]
[SourceVersionDate "2016.10.10"]
[SourceQuality "1"]

1. d4 Nf6 2. c4 e6 3. a3 b6 4. Nc3 Bb7 5. d5 exd5 6. cxd5 g6 7. e4 Qe7 8. Bg5 h6 9. Bxf6 Qxf6 10. Nf3 Bg7 11. Bc4 0-0 12. 0-0 Ba6 13. Qd3 Bxc4 14. Qxc4 c6 15. Rfe1 b5 16. Qd3 Na6 17. e5 Qd8 18. Rad1 Kh7 19. Qe4 Nc5 20. Qg4 h5 21. Qh3 Qb6 22. b4 Na4 23. Nxa4 bxa4 24. g4 cxd5 25. gxh5 a5 26. hxg6+ Kxg6 27. Kh1 f5 28. Rg1+ Kf7 29. Qh5+ Kg8 30. Rxg7+ 1-0

[Event "Blumenau Ann 100 op"]
[Site "Blumenau"]
[Date "2016.09.23"]
[Round "1"]
[White "Barbosa, Jefferson Lucas Mun"]
[Black "Neitzel, Jonatan"]
[Result "1-0"]
[WhiteElo "2089"]
[BlackElo "1610"]
[PlyCount "71"]
[EventDate "2016.09.23"]
[EventType "swiss"]
[EventRounds "6"]
[EventCountry "BRA"]
[SourceTitle "CBM 174 Extra"]
[Source "ChessBase"]
[SourceDate "2016.10.10"]
[SourceVersion "1"]
[SourceVersionDate "2016.10.10"]
[SourceQuality "1"]

1. e4 c6 2. d4 d5 3. Nc3 dxe4 4. Nxe4 Bf5 5. Ng3 Bg6 6. h4 h6 7. Nf3 Nd7 8. h5 Bh7 9. Bd3 Bxd3 10. Qxd3 e6 11. Bd2 Qc7 12. 0-0-0 0-0-0 13. Kb1 Ngf6 14. Ne4 Nxe4 15. Qxe4 Nf6 16. Qe2 Bd6 17. c4 Qe7 18. Ne5 Nd7 19. f4 Nxe5 20. fxe5 Bb4 21. Bf4 Rd7 22. Rh3 Rhd8 23. Rhd3 Ba5 24. Qg4 Qf8 25. Bg3 Bb4 26. a3 Be7 27. d5 cxd5 28. cxd5 Kb8 29. d6 Bg5 30. Bf2 f6 31. Qxe6 fxe5 32. Bg3 Bf4 33. Bh4 Qe8 34. Be7 Bg5 35. Qxe5 Bxe7 36. dxe7+ 1-0

[Event "Florianopolis Winter U220 op"]
[Site "Florianopolis"]
[Date "2016.08.19"]
[Round "2"]
[White "Da Silva, Juliano Roberto Ner"]
[Black "Barbosa, Jefferson Lucas Mun"]
[Result "0-1"]
[WhiteElo "1801"]
[BlackElo "2018"]
[PlyCount "70"]
[EventDate "2016.08.19"]
[EventType "swiss"]
[EventRounds "7"]
[EventCountry "BRA"]
[SourceTitle "CBM 174 Extra"]
[Source "ChessBase"]
[SourceDate "2016.10.10"]
[SourceVersion "1"]
[SourceVersionDate "2016.10.10"]
[SourceQuality "1"]

1. d4 Nf6 2. c4 e6 3. Nf3 b6 4. g3 Ba6 5. b3 Bb4+ 6. Bd2 Be7 7. Nc3 d5 8. Bg2 c6 9. cxd5 cxd5 10. 0-0 Nbd7 11. Re1 0-0 12. Rc1 Rc8 13. Nb1 Ne4 14. Be3 Bb4 15. Nfd2 Ndf6 16. a3 Be7 17. b4 Qd7 18. Rxc8 Rxc8 19. Qb3 Bb5 20. Nxe4 Nxe4 21. Bxe4 dxe4 22. Nc3 Bc4 23. Qb2 f5 24. f3 exf3 25. exf3 Bf6 26. Ne2 Bd5 27. Kf2 Qb7 28. Nf4 Bxf3 29. Nxe6 Bh1 30. Kg1 Qe4 31. Qf2 Rc2 32. Bd2 Qd3 33. Kxh1 Rxd2 34. Qf4 Qc2 35. g4 Qc6+ 0-1

[Event "Santa Catarina-ch sf1"]
[Site "Sao Bento do Sul"]
[Date "2016.03.06"]
[Round "5"]
[White "Barbosa, Jefferson Lucas Mun"]
[Black "Carneiro, Vitor Roberto Castr"]
[Result "0-1"]
[WhiteElo "1986"]
[BlackElo "2406"]
[PlyCount "54"]
[EventDate "2016.03.04"]
[EventType "swiss"]
[EventRounds "6"]
[EventCountry "BRA"]
[SourceTitle "EXT 2018"]
[Source "ChessBase"]
[SourceDate "2017.10.13"]
[SourceVersion "1"]
[SourceVersionDate "2017.10.13"]
[SourceQuality "1"]

1. e4 c6 2. d4 d5 3. Nc3 dxe4 4. Nxe4 Bf5 5. Ng3 Bg6 6. h4 h6 7. Nf3 e6 8. Ne5 Bh7 9. Bc4 Nd7 10. Qe2 Nxe5 11. dxe5 Ne7 12. Be3 Qc7 13. Bd4 Nf5 14. Nxf5 Bxf5 15. g4 Bg6 16. h5 Bh7 17. 0-0-0 Be7 18. f4 0-0 19. g5 hxg5 20. h6 g6 21. fxg5 Bxg5+ 22. Kb1 b5 23. Qg4 Bd8 24. Bxe6 fxe6 25. Qxe6+ Qf7 26. Qxc6 Be7 27. e6 Qe8 0-1

[Event "Santa Catarina-ch sf1"]
[Site "Sao Bento do Sul"]
[Date "2016.03.04"]
[Round "1"]
[White "Barbosa, Jefferson Lucas Mun"]
[Black "De Bem, Lais Colin"]
[Result "1-0"]
[WhiteElo "1986"]
[BlackElo "1553"]
[PlyCount "67"]
[EventDate "2016.03.04"]
[EventType "swiss"]
[EventRounds "6"]
[EventCountry "BRA"]
[SourceTitle "EXT 2018"]
[Source "ChessBase"]
[SourceDate "2017.10.13"]
[SourceVersion "1"]
[SourceVersionDate "2017.10.13"]
[SourceQuality "1"]

1. e4 c5 2. Nc3 e6 3. Nf3 a6 4. d4 cxd4 5. Nxd4 Qc7 6. Be2 Nf6 7. 0-0 Bb4 8. Qd3 Bxc3 9. bxc3 d6 10. Qg3 g6 11. Qf3 Nbd7 12. Bg5 Ng8 13. Rfd1 Ne5 14. Qg3 b5 15. Bxb5+ Bd7 16. Bxd7+ Qxd7 17. f4 Nc6 18. f5 e5 19. fxg6 hxg6 20. Nf3 Nge7 21. Bf6 Rh5 22. Rd3 Qe6 23. Bh4 Rc8 24. Rad1 Rd8 25. Qe1 d5 26. Bg3 f6 27. exd5 Rxd5 28. Rxd5 Nxd5 29. Qe4 Nde7 30. Qa4 Qc8 31. Rd6 Kf7 32. Qc4+ Kg7 33. Bh4 Rf5 34. Bf2 1-0

[Event "Santa Catarina-ch sf1"]
[Site "Sao Bento do Sul"]
[Date "2016.03.04"]
[Round "2"]
[White "Pederiva, Paola Carolina"]
[Black "Barbosa, Jefferson Lucas Mun"]
[Result "0-1"]
[WhiteElo "1780"]
[BlackElo "1986"]
[PlyCount "28"]
[EventDate "2016.03.04"]
[EventType "swiss"]
[EventRounds "6"]
[EventCountry "BRA"]
[SourceTitle "EXT 2018"]
[Source "ChessBase"]
[SourceDate "2017.10.13"]
[SourceVersion "1"]
[SourceVersionDate "2017.10.13"]
[SourceQuality "1"]

1. d4 Nf6 2. c4 e6 3. Bf4 b6 4. a3 Bb7 5. Nc3 d5 6. e3 Be7 7. Nf3 0-0 8. b4 c5 9. Qb3 dxc4 10. Bxc4 cxd4 11. exd4 Bxf3 12. gxf3 Qxd4 13. Bg3 Rc8 14. Rd1 Qxc4 0-1

[Event "Curitiba Parana-ch"]
[Site "Curitiba"]
[Date "2016.01.28"]
[Round "4"]
[White "Barbosa, Jefferson Lucas Mun"]
[Black "Caetano, Hugo Zanotti Mendon"]
[Result "0-1"]
[WhiteElo "1939"]
[BlackElo "2231"]
[PlyCount "62"]
[EventDate "2016.01.26"]
[EventType "swiss"]
[EventRounds "8"]
[EventCountry "BRA"]
[SourceTitle "CBM 170 Extra"]
[Source "ChessBase"]
[SourceDate "2016.02.25"]
[SourceVersion "1"]
[SourceVersionDate "2016.02.25"]
[SourceQuality "1"]

1. e4 c5 2. Nf3 Nc6 3. d4 cxd4 4. Nxd4 g6 5. Nc3 Bg7 6. Be3 Nf6 7. Bc4 0-0 8. Bb3 d6 9. f3 Bd7 10. Qd2 Nxd4 11. Bxd4 b5 12. Nd5 Nxd5 13. Bxg7 Kxg7 14. Bxd5 Rc8 15. h4 h5 16. 0-0-0 a5 17. a3 Qc7 18. Qd4+ f6 19. Rd2 Rb8 20. g4 hxg4 21. fxg4 Bxg4 22. Rg1 Bh5 23. Be6 Qb6 24. Qxb6 Rxb6 25. Rd5 Kh6 26. Rg3 Be2 27. b3 Rfb8 28. Kd2 Bh5 29. Rc3 R6b7 30. Rc6 f5 31. Ra6 Bf3 0-1

[Event "Curitiba Parana-ch"]
[Site "Curitiba"]
[Date "2016.01.27"]
[Round "2"]
[White "Barbosa, Jefferson Lucas Mun"]
[Black "Cruz, William Ferreira Da"]
[Result "1-0"]
[WhiteElo "1939"]
[BlackElo "2274"]
[PlyCount "69"]
[EventDate "2016.01.26"]
[EventType "swiss"]
[EventRounds "8"]
[EventCountry "BRA"]
[SourceTitle "CBM 170 Extra"]
[Source "ChessBase"]
[SourceDate "2016.02.25"]
[SourceVersion "1"]
[SourceVersionDate "2016.02.25"]
[SourceQuality "1"]

1. e4 e6 2. d4 d5 3. Nc3 Bb4 4. Nge2 Nf6 5. Bg5 dxe4 6. a3 Be7 7. Bxf6 gxf6 8. Nxe4 b6 9. Nf4 f5 10. Nc3 Bb7 11. Bb5+ c6 12. Qf3 Qxd4 13. 0-0 0-0 14. Rad1 Qg7 15. h3 a6 16. Bc4 e5 17. Rfe1 e4 18. Nxe4 fxe4 19. Rxe4 Bg5 20. Rd6 c5 21. Nh5 Bxe4 22. Qxe4 Qxb2 23. h4 Ra7 24. hxg5 Nd7 25. Rxd7 Qc1+ 26. Bf1 Qxg5 27. Rxa7 Qxh5 28. Rxa6 Rb8 29. Qf4 Rb7 30. Qg3+ Qg6 31. Ra8+ Kg7 32. Qc3+ Kh6 33. Ra4 f5 34. Rh4+ Kg5 35. f4+ 1-0